Top 50 Soccer Players 2016 by Team - Statistics

General Stats
  • This quiz has been taken 1,308 times
    1,289 since last reset
  • The average score is 26 of 50
Answer Stats
Team Answer % Correct
FC Barcelona Messi
100%
Real Madrid Ronaldo
99%
FC Barcelona Suarez
94%
Barcelona Neymar
93%
Bayern Munich Lewandowski
82%
Real Madrid Modric
81%
Manchester City Aguero
80%
Real Madrid Bale
79%
Real Madrid Kroos
77%
Real Madrid Benzema
76%
Manchester United Pogba
76%
Barcelona Iniesta
75%
Real Madrid Ramos
75%
Juventus Buffon
71%
Dortmund Reus
71%
Bayern Munich Muller
70%
Bayern Munich Neuer
70%
Manchester City De Bruyne
69%
Barcelona Pique
67%
Juventus Dybala
66%
Athletico Madrid Griezmann
66%
Manchester United Ibrahimovic
63%
Chelsea Hazard
58%
Real Madrid Marcelo
58%
Barcelona Busquets
53%
Bayern Munich Robben
53%
Arsenal Ozil
49%
Juventus Bonucci
47%
Manchester United De Gea
46%
Bayern Munich Boateng
45%
Juventus Higuain
45%
Bayern Munich Hummels
44%
Bayern Munich Lahm
44%
Manchester United Rooney
43%
PSG Di Maria
42%
Barcelona Rakitic
41%
Arsenal Sanchez
40%
Juventus Alves
33%
Athletico Madrid Godin
32%
Bayern Munich Alaba
31%
Athletico Madrid Koke
29%
Spurs Lloris
29%
Real Madrid James
18%
PSG Verratti
18%
Barcelona Mascherano
17%
Manchester City Gundogan
11%
Manchester United Mkhitaryan
5%
Dortmund Aubmeyang
1%
Chelsea Fabergas
0%
PSG Krychowiak
0%
No matching quizzes found
Score Distribution
Percent of People with Each Score
Percentile by Number Answered
Your Score History
You have not taken this quiz since the last reset